[Event "NED-ch53"]
[Site "Rotterdam"]
[Date "1998.06.24"]
[Round "4"]
[White "Van Wely, Loek"]
[Black "Nijboer, Friso"]
[Result "0-1"]
[WhiteElo "2605"]
[BlackElo "2580"]
[Annotator "Ftacnik,L"]
[PlyCount "78"]
[EventDate "1998.06.21"]
[EventType "tourn"]
[EventRounds "11"]
[EventCountry "NED"]
[EventCategory "12"]
[SourceTitle "CBM 066"]
[Source "ChessBase"]
[SourceDate "1998.09.30"]
[SourceVersion "1"]
[SourceVersionDate "1998.09.30"]
[SourceQuality "1"]

1. d4 Nf6 2. c4 g6 3. Nc3 d5 4. cxd5 Nxd5 5. e4 Nxc3 6. bxc3 Bg7 7. Bc4 c5 8.
Ne2 O-O 9. O-O Nc6 10. Be3 Bg4 11. f3 Na5 12. Bxf7+ Rxf7 13. fxg4 Rxf1+ 14.
Kxf1 cxd4 15. cxd4 e5 16. d5 (16. dxe5 Bxe5 17. Qxd8+ Rxd8 18. Rc1 Nc6 19. g3
Rd3 20. Bf4 Bd4 $1 {Seirawan,Y-Olafsson,H/Reykjavik/1990/}) (16. Rc1 $5 Qd7 17.
dxe5 Qxd1+ 18. Rxd1 Nc4 19. Bf2 Bxe5 20. Rd7 b6 21. h3 $5 a6 22. Ke1 $14 {
/\Nd4-f3}) 16... Nc4 17. Qd3 (17. Bf2 Qf6 (17... Bh6 18. Qd3 Rc8 19. Kg1 b6 20.
Kh1 Qd7 21. h3 Nd6 22. Be3 Bxe3 23. Qxe3 Rc4 24. Ng3 Qc7 25. Rf1 Rc3 26. Qf2 {
1-0 Nickoloff,B-Baquero,L/Canadian op/1997/ (33)}) (17... Qa5 18. Qd3 Nd6 19.
Kg1 Rc8 20. Qe3 Rc2 21. Ng3 Rxa2 22. Rxa2 Qxa2 23. h4 Qc2 24. Qxa7 Qd1+ 25. Kh2
Qxg4 {1/2-1/2 Frare,F-Tsuboi,E/Registro op/1997/ (31)}) (17... Qg5 18. Qc1 Nd2+
19. Ke1 Bh6 20. h3 Rf8 21. a4 Qf6 22. Qd1 Qxf2# {0-1 Sorensen,M-Leth,U/
Aarhus-D 1991}) 18. Kg1 Rf8 19. Qe1 (19. Bc5 Rc8 20. Bxa7 (20. Bf2 Rf8 21. Qe1
(21. Bc5 $11) 21... Bh6 22. Ng3 Qa6 23. Kh1 Qa4 24. Qe2 Bg5 25. Nf1 b6 (25...
Nd6 $1 26. Bc5 Nxe4 $3 27. Bxf8 Qd4 $1 28. Bc5 $8 Qxa1 29. Qxe4 Qxf1+ 30. Bg1
Bd8 $11) 26. h4 Be7 27. g5 Bc5 28. Bg3 (28. Bxc5 bxc5 29. Rc1 Nd6 $15) 28...
Nd6 29. Nd2 {1-0 Naumkin,I-Miralles,G/Voskresensk/1990/ (36)}) 20... Bh6 (20...
b6 21. Qb3 Bh6 22. Rd1 $8 Qd6 $5 23. Kh1 $1 $8 Bd2 24. Rb1 Be3) 21. Nc3 Qa6 22.
Bf2 Nd6 23. g5 Rxc3 24. gxh6 Nxe4 25. Qg4 Nf6 26. Qg5 {Horvath,C-Filipovic,B/
Budapest/1990/1-0 (68)}) (19. Bxa7 $2 b6 20. Qe1 Qf7 21. Rc1 Qxa7 22. Rxc4 b5+
$19) 19... Bh6 {/\ Bd2} 20. Ng3 (20. Bxa7 $2 b6 21. h4 Qe7 $1 22. g5 Bg7 23.
Rc1 Qxa7 $19) 20... Qa6 {/\ Rf2} (20... Qxf2+ 21. Qxf2 Be3 22. Qxe3 Nxe3 23.
Rc1 $14) 21. Kh1 (21. h4 $2 Rxf2 $1 22. Kxf2 Qb6+ 23. Kf3 Nd2+ 24. Ke2 Qe3+ 25.
Kd1 Qd3 $1 26. Qe2 Qd4 27. g5 Nxe4+ $19) (21. Qe2 Rxf2 $1 22. Kxf2 Be3+ $17) (
21. Nf1 $6 Nb2 $1 $17) 21... Qa4 (21... Nb2 22. Bg1 $8 Nd3 23. Qc3 Nf2+ 24.
Bxf2 Rxf2 25. Rd1 $16) (21... Nd6 22. Bc5 $1 Bf4 23. Bxd6 Qxd6 24. Ne2 $16) (
21... b6 $5 22. Bg1 Bf4 $13) (21... Qa3 $5) 22. Qe2 (22. Bg1 $1 b6 (22... Rc8
$5 23. Qc3 $5 Bf4 24. Qb3 Qa6 25. Ne2 Bg5 $13) 23. Qc3 $5 (23. h4 Bd2 24. Qd1
Qxd1 25. Rxd1 Bf4 26. Ne2 Nd6 27. g3 Bh6 28. g5 Bg7 29. Nc3 Rc8) 23... Rf7 $5 {
/\ Nd6} (23... Bf4 24. Ne2 Bd2 25. Qd3 $16) (23... Rc8 24. Ne2 $5 $14) (23...
Nd6 24. Qxe5 Bg7 25. Qe6+) 24. Rb1 $1 {1-0 Seirawan,Y-Popovic,P/Manila izt/
1990/ (32)}) 22... b6 (22... Bg5 23. Nf1 Nd6 24. Bc5 Nxe4 25. Bg1 b6 26. Re1
Be7 27. Rc1 Bc5 {Dzevlan,M-Hjelm,N/Rilton Cup op9394/1993/1-0 (58)}) 23. h4 (
23. h3 Bf4 24. Qd3 Nd6 25. Qb3 Qxb3 26. axb3 Rc8 27. Kg1 Rc2 {0-1 Gomez
Esteban,J-Hellers,F/EU-chT/1992/ (40)}) 23... Bf4 (23... Rf4 $5 24. Be1 (24.
Re1 Bf8 $5) 24... Bf8 (24... Nd6 25. Bd2 Rxe4 26. Nxe4 Nxe4 27. Be1 $16) 25.
Rc1 b5 (25... Nd6 26. Bd2 Rf7 27. Bc3 $36) 26. Rc3 (26. h5 $5) 26... Be7 (26...
Nd6 27. Bd2 $1 Nxe4 28. Bxf4 Nxc3 29. Qxe5 Qd1+ 30. Kh2 Nxd5 31. Qe6+ Kh8 32.
Be5+ $18) (26... Bb4 27. Rxc4 $5 bxc4 28. Qxc4 a5 $8 29. Qc8+ Bf8 30. Qe6+ Rf7
31. Bc3 $132) 27. h5 Qa6 {0-1 Ftacnik,L-Kudrin,S/Reno/1991/ (37)}) 24. Nf1 (24.
g5 $5 Nd6 25. Re1 $13) 24... Nd6 25. Re1 Rc8 26. g3 Rc2 27. Qf3 Qxa2 28. Kg1
Bh6 {Georgiev,K-Ivanchuk,V/Reggio Emilia8990/1989/0-1 (72)}) 17... b5 (17...
Nxe3+ 18. Qxe3 Qh4 19. Qg3 (19. h3 b6 (19... Bh6 20. Qd3 Rf8+ 21. Kg1 Qf2+ 22.
Kh1 Qe3 23. Qxe3 Bxe3 24. Rd1 Rf2 25. Ng1 Kf7 26. Rd3 Bb6 27. Rf3+ Ke7 28. Rxf2
Bxf2 29. Nf3 Kd6 {1/2-1/2 Kramnik,V-Shirov,A/WCC Cand f/1998/ (33)}) 20. Kg1
Bf8 21. Kh1 Bc5 22. Qd3 Qf6 23. Ng1 Qf2 24. Nf3 Bd6 25. Qa6 Rf8 26. Ng5 Qe3 27.
Ne6 {1-0 Nenashev,A-Conquest,S/Groningen op 1997 (36)}) 19... Rf8+ 20. Kg1 Qxg3
21. Nxg3 Bh6 22. Rf1 Be3+ 23. Kh1 Rc8 24. h4 Rc2 25. Rf3 Bc5 26. h5 Rxa2 {
0-1 Tuchtfeld,J-Stephan,A/OLNN/1993/ (42)}) 18. g5 Bf8 19. Ng1 Nxe3+ (19... a6
20. Nf3 Bd6 21. Re1 Rc8 22. Re2 Nxe3+ 23. Qxe3 Qc7 24. Qb3 Qc1+ 25. Re1 Qc4+
26. Re2 a5 {0-1 Van Tilbury,C-Zadrima,A/Moscow olm/1994/ (41)}) 20. Qxe3 Qb6 $5
{Nijboer uses tactics to occupy the important a7-g1 diagonal. Van Wely has to
refrain from the immediate endgame, since blac piece would have become too
active.} 21. Qc3 (21. Qxb6 axb6 22. Nf3 Bc5 $1 (22... b4 23. Rb1 (23. Nxe5 b3
24. Nd3 Bg7 25. e5 bxa2 26. h4 Ra5 27. Nb4 Rb5 28. Nxa2 Rxd5 $15) 23... Rxa2
24. Nxe5 Bc5 25. Nd3 Rd2 26. Rb3 $16) 23. Rb1 Rxa2 24. Rxb5 Rf2+ 25. Ke1 Rxg2
26. h3 Rg3 27. Nxe5 Re3+ 28. Kd1 Rxe4 $11) (21. Qb3 Rc8 22. Nf3 Bd6 $13) 21...
b4 22. Qc4 (22. Qc6 Qxc6 23. dxc6 Rc8 24. Rc1 Kf7 25. Nf3 Ke6 $13) 22... Bd6 (
22... Qe3 23. Qc6 $1 $16) 23. Ke2 $6 {White believes, that he has all the time
in the world to improve his pieces. To his great surprise the endgame will be
difficult in the light of the active black pieces.} (23. Nf3 a5 24. Qc6 Qxc6
25. dxc6 Rc8 26. Rc1 Kf7 $13) 23... a5 24. Nh3 a4 25. Nf2 Qd8 26. Qc1 (26. Rc1
Qxg5 27. Qc6 Rd8 $15) 26... Rc8 27. Qd2 Rc4 28. Kf1 Qf8 29. Qe2 (29. Qd3 Bc5
30. Qf3) 29... Bc5 30. Qf3 Bd4 31. Rd1 (31. Rb1 Rc2 32. Qxf8+ Kxf8 33. Nd3 b3
34. axb3 a3 35. Nb4 Rf2+ 36. Ke1 Rxg2 $19) 31... Rc2 {Something went badly
wrong for white, b pawn is more dangerous than d pawn.} 32. Ng4 (32. Qxf8+ Kxf8
33. Nd3 Rxa2 34. Nxb4 Rf2+ 35. Ke1 Rxg2 $17) 32... Qxf3+ 33. gxf3 Kf8 34. d6 (
34. f4 b3 35. axb3 axb3 36. d6 b2 37. d7 Ke7 38. Nxe5 Rc1 $19) 34... Ke8 35. f4
(35. d7+ $6 Kxd7 36. Nxe5+ Ke6 37. Rxd4 (37. Nxg6 $6 hxg6 38. Rxd4 b3 $19)
37... Kxe5 38. Rxb4 Rxa2 $15) 35... b3 $1 36. axb3 axb3 37. fxe5 (37. d7+ Kd8
38. Nxe5 b2 39. Nd3 (39. Nf7+ Kxd7 40. Rxd4+ Ke7 41. Rb4 Kxf7 $19) 39... Rxh2
40. Nxb2 Bxb2 $19) 37... b2 38. Nf6+ (38. e6 Rc1 39. Nf6+ Bxf6 40. d7+ Kd8 $19)
38... Kf7 39. d7 Bb6 $1 (39... Ke7 $6 40. d8=Q+ Kxd8 41. Rxd4+ Kc8 42. Rb4 Rxh2
43. Nxh7 Rh1+ 44. Kg2 b1=Q 45. Rxb1 Rxb1 46. Nf8 $14) (39... Bb6 $1 40. d8=Q
Bxd8 41. Rd7+ Ke6 42. Rb7 Rc1+ $19) 0-1

[Event "ISR-ch"]
[Site "Ramat Aviv"]
[Date "1998.11.12"]
[Round "3.1"]
[White "Golod, Vitali"]
[Black "Liss, Eran"]
[Result "1-0"]
[WhiteElo "2555"]
[BlackElo "2505"]
[Annotator "Golod,V"]
[PlyCount "121"]
[EventDate "1998.11.08"]
[EventType "k.o."]
[EventRounds "5"]
[EventCountry "ISR"]
[SourceTitle "CBM 068"]
[Source "ChessBase"]
[SourceDate "1999.02.01"]
[SourceVersion "1"]
[SourceVersionDate "1999.02.01"]
[SourceQuality "1"]

{First game of a quarterfinal of Israel Championship.} 1. d4 Nf6 2. c4 g6 3.
Nc3 d5 4. cxd5 Nxd5 5. e4 Nxc3 6. bxc3 Bg7 7. Bc4 c5 8. Ne2 Nc6 9. Be3 O-O 10.
O-O Bg4 11. f3 cxd4 $5 12. cxd4 Na5 13. Bxf7+ $5 ({Another line is:} 13. Bd3 $5
) 13... Rxf7 14. fxg4 Rxf1+ 15. Kxf1 e5 $5 16. d5 $5 {is the main line.Besides,
white has several options:} (16. Rc1 $5) (16. Bf2 $6) (16. dxe5 $5) 16... Qh4
$2 {After this move I has big advantage.} (16... Nc4 $5 {Is the main line}) ({
Worse is:} 16... Qf6+ $6 17. Kg1 Nc4 18. Qd3 $5 $14 (18. Bf2 $2 {0-1 Barbot,
O-Levieux,P/Torcy 1991/TD 91\02 (26)})) 17. d6 $1 $146 {[%csl Ra5,Rg8][%cal
Gd1d5,Gd5a5][%mdl 8]} ({Was checked in the previous game:} 17. h3 Rf8+ 18. Kg1
b6 19. Qe1 Qe7 20. Qc3 Nb7 21. Rc1 Nd6 22. Ng3 {1-0 Fruck-Hacker,C/Mannheim
1987/EXT 87ch (37) +/=/+/-}) 17... Nc6 $6 (17... Kh8 $142 {is the best move.+/
=/+/-}) ({Loses:} 17... Qxh2 $4 18. Qd5+ Kh8 19. Qxa5 Rf8+ 20. Bf2 Qh1+ 21. Ng1
$18) 18. Qb3+ $1 {[%csl Rb7,Rg8][%cal Gb3b7]} Kh8 19. Qxb7 Rf8+ 20. Kg1 Nd4 $1
({Worse is:} 20... Bh6 21. Bxh6 Qxh6 22. Qxc6 Qe3+ 23. Kh1 Qxe2 24. Rg1 $1 {
+/-/+-}) ({Badly:} 20... Qxg4 $2 {in view of:} 21. Qxc6 Qxe2 22. Bxa7 $18) 21.
Qb2 $1 $16 {[%cal Yb2e2,Gb2d4]} Qf6 $8 22. d7 $1 (22. Rd1 $2 Qxd6 23. Nxd4 Rd8
24. Bg5 Rg8 $5 $14 (24... Rb8 $2 25. Be7 $5 $16)) 22... Qd6 $1 ({Right away
loses:} 22... Qb6 $4 {because of:} 23. Qxb6 $1 Nxe2+ (23... axb6 $143 24. Nxd4
exd4 25. Bg5) 24. Kh1 axb6 25. Bg5 $1 $18 {[%csl Gd7][%cal Gd7d8]} (25. Bxb6 $2
Bf6 26. Rf1 Kg7 27. g3 Nc3 $16)) (22... Rd8 $6 23. Rc1 $1 {[%csl Rh8][%cal
Gc1c8]} Qd6 24. Bg5 Nxe2+ 25. Qxe2 Rxd7 26. Rc8+ Bf8 27. Qf1 $16 {[%csl Rf8]
[%cal Gc8f8,Gf5f8,Gf1f8]} (27. h3 $5)) 23. Nxd4 $1 exd4 24. Rd1 d3 (24... dxe3
$4 25. Rxd6 (25. Qxg7+ $4 Kxg7 26. Rxd6 e2 $19 {[%csl Ge2][%cal Ge2e1]}) 25...
Bxb2 26. d8=Q Rxd8 27. Rxd8+ Kg7 28. Kf1 $18) (24... Qxd7 $143 25. Bxd4 Bxd4+
26. Qxd4+ Qxd4+ 27. Rxd4 $18 {[%cal Gd4a4]}) 25. Qb3 $1 {[%cal Gb3d3,Yb3d1]} (
25. Qd2 $2 Bd4 26. Bxd4+ (26. Qe1 $5) 26... Qxd4+ 27. Kh1 Qxd7 28. Qc3+ {
+/=/+/-}) 25... Qxd7 26. Qxd3 Qa4 $5 (26... Qxg4 27. Bxa7 $18) 27. Rd2 $1 {
[%cal Ge3d4]} h6 (27... Rc8 $2 28. Qd8+ Qe8 (28... Rxd8 $4 29. Rxd8+ Bf8 30.
Bh6 $18 {[%csl Rh8][%cal Gd8f8]}) 29. Qxe8+ Rxe8 30. Bxa7 $18) 28. Bd4 Re8 29.
Bxg7+ Kxg7 30. Qc3+ $2 ({It is simple} 30. Qd7+ $5 Qxd7 31. Rxd7+ Kf6 32. Rd4
$18 {[%cal Gd4a4]} (32. Rxa7 $6 Rxe4 $16)) ({or:} 30. Qd4+ $1 Qxd4+ 31. Rxd4
$18 {/\Ra4 and I get absolutely winning endgame.}) 30... Kg8 31. Rd4 $5 (31.
Re2 $5) 31... Qxa2 32. Rd7 Qb1+ 33. Kf2 Rf8+ $1 (33... Qb6+ $143 $2 34. Kg3
Qb8+ 35. Kh3 Qe5 (35... Re5 $4 36. Qc4+ Kh8 37. Qf7 $18) 36. Qc6 Re6 (36... Qe6
$2 37. Rd6 Qb3+ 38. g3 $18) (36... Qxe4 $4 37. Qf6 $18) 37. Qc8+ Re8 38. Qa6
Re6 39. Qxa7 {+-/+/-}) 34. Kg3 Qb8+ 35. Kh3 Rf7 $8 36. Qc4 Qf4 37. g3 $5 (37.
Qe6 $143 Kf8 38. Rd8+ Kg7 39. Qe8 Rf8 40. Rd7+ Rf7 41. e5 Rxd7 42. Qxd7+ Kf8
$14) (37. Rxa7 $4 Qe3+ {[%csl Ra7,Rh3][%cal Ge3a7]} 38. g3 Qxa7 $19) 37... Qf1+
38. Qxf1 Rxf1 39. Rxa7 Rf2 $14 {[%mdl 4096]} (39... Re1 $5 40. Re7 $140 Re2 $14
{[%csl Rh2][%cal Ge2h2]}) 40. g5 $1 h5 41. Ra6 $1 {[%csl Rg6] (/\Rf6-f4;><e4)}
Kg7 (41... Kf7 $4 42. Rf6+ Rxf6 43. gxf6 Kxf6 44. Kg2 Ke5 45. Kf3 g5 46. h4 $18
) 42. Ra7+ Kf8 43. Ra8+ Kg7 44. Ra7+ Kg8 45. Ra6 Kg7 46. Rf6 Re2 47. Rf4 Kg8
48. g4 h4 $1 (48... hxg4+ $2 49. Kg3 $18) 49. Kxh4 Re3 $3 {very strong move!} (
{Loses:} 49... Rxh2+ $2 50. Kg3 Re2 51. Kf3 Re1 52. Rf6 Kg7 53. Ra6 $1 $18 (53.
Kf4 $143 Rf1+ 54. Ke5 Rg1 55. Rf4 Ra1 56. Rf6 $16)) 50. Rf6 Kg7 51. h3 Kh7 $5
$14 (51... Rxe4 $5) 52. Re6 $1 {[%cal Ge4e5]} Kg7 53. e5 Kh7 54. Re7+ Kg8 55.
e6 Kf8 56. Rf7+ Kg8 57. Rf2 Kg7 58. Rf7+ Kg8 59. Rf4 Kg7 60. Rf6 Kh7 61. e7 {
[%csl Ge7][%cal Ge7e8,Gh4g3] Most probably black resigned in a drawish
position.} (61. e7 Kg7 $5 62. Rf2 Rxe7 63. Kg3 Re1 $14 {[%csl Rh3][%cal Ge1h1]}
) 1-0

[Event "Rostock-10 GM Group"]
[Site "Rostock"]
[Date "1984.08.16"]
[Round "6"]
[White "Knaak, Rainer"]
[Black "Tseshkovsky, Vitaly"]
[Result "0-1"]
[WhiteElo "2490"]
[BlackElo "2505"]
[Annotator "Knaak,R"]
[PlyCount "108"]
[EventDate "1984.08.11"]
[EventType "tourn"]
[EventRounds "9"]
[EventCountry "DDR"]
[EventCategory "8"]
[SourceTitle "MCL"]
[Source "ChessBase"]
[SourceDate "1999.07.01"]
[SourceVersion "1"]
[SourceVersionDate "1999.07.01"]
[SourceQuality "1"]

1. d4 Nf6 2. c4 g6 3. Nc3 d5 4. cxd5 Nxd5 5. e4 Nxc3 6. bxc3 Bg7 7. Bc4 c5 8.
Ne2 O-O 9. O-O Nc6 10. Be3 cxd4 11. cxd4 Bg4 12. f3 Bd7 13. Rb1 a6 (13... e6
14. Qd2 Na5 15. Bd3 a6 16. Bg5 f6 17. Bh6 $5) 14. Qd2 (14. Rxb7 Na5 15. Rb4
Nxc4 16. Rxc4 Bb5 17. Rb4 Qa5 (17... Qd6) 18. Rb2 Rad8 {/\ Be2} (18... Qa3 19.
Qb3 Qxb3 20. axb3 Rab8 21. Kf2 f5 22. e5 Bc4 23. b4 e6 $44) 19. Rd2 Qa3 20. Kf2
(20. Bf2 $6 Bh6 $1) 20... f5 21. exf5 Rxf5 22. Qb3+ Qxb3 23. axb3 Rfd5 $44 {
Razuvaev}) 14... Rc8 15. Bd3 b5 16. Rfc1 e6 17. Rc2 (17. a4 $5 bxa4 (17... Qa5
$2 18. Qxa5 Nxa5 19. axb5 axb5 20. Bxb5 $16) (17... Na7 $6 18. d5 Rxc1+ 19.
Qxc1 $1 Qb8 20. Qc5 $16) 18. Bxa6 Rb8 19. Bb5 Nxd4 (19... Rxb5 $6 20. Rxb5 Nxd4
21. Rb7 $16) (19... Na7 20. Bxd7 Qxd7 21. Qa5 $16) 20. Nxd4 Bxd4 21. Qxd4 Bxb5
22. Qe5 Bd7 23. Bh6 f6 24. Qd6 Rxb1 25. Rxb1 Re8 26. Rd1 Re7 27. e5 $16 {
(Razuv.)}) 17... Re8 18. Rbc1 Qe7 19. a4 $1 $14 bxa4 20. Bxa6 Ra8 21. Bb5 $5 (
21. Rxc6 $13 Bxc6 22. Rxc6 a3 23. Bc4 Qb7 24. Rc5 Qb1+ 25. Nc1 Reb8 $36 {
(Razuv.)}) (21. Bb7 $6 Na5 $1 22. Bxa8 Nb3 $15) 21... Nb8 (21... Na5 22. Rc7
Red8 23. Bxa4) 22. Rc7 a3 $6 (22... Qd8 $5 {(Zeschk.)} 23. Bxd7 Nxd7 24. Rb7
Rc8 25. Rxc8 Qxc8 26. Qb4 $14 {(Razuv.)}) 23. Qa2 Qd8 24. Bxd7 Nxd7 25. R1c3 (
25. Rb7 $1 $16 {/\ Rcc7 (Razuv.)}) 25... Nb6 26. R7c6 Bf8 $1 27. Bf4 $14 Nd7
28. Rc7 (28. Bd6 Nb8 $1) 28... Nb6 29. Rb7 Nc8 $1 30. Rbc7 (30. Rcc7 Re7 $17)
30... Nd6 $1 31. R7c5 Qb6 32. Rc6 (32. Rb3 $1) 32... Qb2 $15 33. Rc2 Qxa2 34.
Rxa2 Nb5 35. Rcc2 (35. Rb6 $2 Nxd4 $1 36. Nxd4 Bc5 37. Rd6 e5) 35... Rec8 36.
Rxc8 Rxc8 37. Kf2 Rc4 38. Ke3 Rb4 39. Kd3 f6 40. Bd2 Rb1 41. Nc3 $4 {Sealed
move} Rb3 42. d5 exd5 43. Kc2 Nxc3 44. Bxc3 Rb5 45. Bxf6 dxe4 46. fxe4 Kf7 47.
Bc3 Ke6 48. Kd3 Rb7 49. h3 Ra7 50. Bd4 Ra4 51. Bc3 Bc5 52. e5 Kd5 53. Re2 a2
54. e6 Ra3 0-1

[Event "Miskolc"]
[Site "Miskolc"]
[Date "2004.03.19"]
[Round "9"]
[White "Varga, Zoltan"]
[Black "Gyimesi, Zoltan"]
[Result "1/2-1/2"]
[WhiteElo "2564"]
[BlackElo "2553"]
[Annotator "Krasenkow,M"]
[PlyCount "48"]
[EventDate "2004.03.10"]
[EventType "tourn"]
[EventRounds "9"]
[EventCountry "HUN"]
[EventCategory "12"]
[SourceTitle "CBM 100"]
[Source "ChessBase"]
[SourceDate "2004.06.01"]
[SourceVersion "1"]
[SourceVersionDate "2004.06.01"]
[SourceQuality "1"]

1. d4 Nf6 2. c4 g6 3. Nc3 d5 4. cxd5 Nxd5 5. e4 Nxc3 6. bxc3 Bg7 7. Bc4 c5 8.
Ne2 O-O 9. O-O Nc6 10. Be3 cxd4 11. cxd4 Bg4 12. f3 Na5 13. Bxf7+ Rxf7 14. fxg4
Rxf1+ 15. Kxf1 e5 16. Kg1 Rc8 17. Rb1 {About this move - see CBM 95,
annotations to Pinter-Karr.} b6 18. dxe5 Bxe5 19. Qxd8+ (19. Bf4 Nc4 20. h3
Bxf4 21. Qxd8+ Rxd8 22. Nxf4 Rd4 23. Nd5 Nd2 24. Re1 Nxe4 25. Ne7+ Kg7 26. Nc6
Ra4 27. Nxa7 Rxa7 28. Rxe4 Rxa2 29. Re7+ Kg8 30. Rb7 Rb2 31. Rb8+ Kg7 32. Rb7+
Kg8 33. Rb8+ {1/2-1/2 Farago,I-Holzke,F/Senden GER 2003/The Week in Chess 469 
(33).}) 19... Rxd8 {[%mdl 4096]} 20. Bf4 Bxf4 $6 {This is inaccurate. The
white knight now goes for the h7 pawn via d5-f6.} (20... Nc4 $142 $11) 21. Nxf4
Rd4 22. Nd5 $1 Nc4 23. Re1 (23. Nf6+ $5 Kg7 (23... Kf7 24. Nxh7) 24. g5) 23...
Nd2 $2 (23... Kf7 $142 24. g5 Ke6 $11 25. Nf6 $140 h5 $5) 24. Re2 $2 {This
appears to be a blunder.} ({After} 24. Nf6+ Kf7 25. Nxh7 (25. e5 $143 Ke6 26.
Nxh7 Rxg4) {followed by the march of the h-pawn, White maintained good winning
chances, e.g.} 25... Ra4 26. Ng5+ Ke7 27. h4 Rxa2 28. h5 $16) 24... Nxe4 (24...
Nxe4 25. Rxe4 Rxd5 {and White must take care of the draw.}) 1/2-1/2

[Event "Olympiad-36"]
[Site "Mallorca"]
[Date "2004.10.17"]
[Round "3"]
[White "Stocek, Jiri"]
[Black "Eljanov, Pavel"]
[Result "0-1"]
[WhiteElo "2569"]
[BlackElo "2629"]
[Annotator "Krasenkow,M"]
[PlyCount "98"]
[EventDate "2004.10.15"]
[EventType "team-swiss"]
[EventRounds "14"]
[EventCountry "ESP"]
[SourceTitle "CBM 104"]
[Source "ChessBase"]
[SourceDate "2005.01.27"]
[SourceVersion "1"]
[SourceVersionDate "2005.01.27"]
[SourceQuality "1"]
[WhiteTeam "Czech Republic"]
[BlackTeam "Ukraine"]
[WhiteTeamCountry "CZE"]
[BlackTeamCountry "UKR"]

1. d4 Nf6 2. c4 g6 3. Nc3 d5 4. cxd5 Nxd5 5. e4 Nxc3 6. bxc3 Bg7 7. Bc4 c5 8.
Ne2 O-O 9. O-O Nc6 10. Be3 cxd4 11. cxd4 Na5 12. Bd3 b6 13. Rc1 e6 14. Qd2 Bb7
15. h4 Nc6 {A rare move, instead of the normal continuations} (15... Qe7) ({and
} 15... Qd7) 16. Bb1 $2 {A poor novelty enabling Black to capture the h4 pawn.}
(16. Bb5 Rc8 (16... Ne7 17. f3 Rc8 18. Bh6 a6 19. Ba4 b5 20. Bb3 Qd6 21. h5 Nc6
22. Bxg7 Kxg7 23. Kf2 Qe7 24. Rh1 g5 25. h6+ Kh8 26. d5 Ne5 $13 {1/2-1/2 De
Boer,G-Henley,R/Amsterdam 1983/MCD (67)}) 17. h5 a6 18. Bxc6 Rxc6 19. f3 Qd7
20. Bh6 Bxh6 21. Qxh6 Rfc8 $11 {1-0 Knaak,R-Jansa,V/Polanica Zdroj 1979/MCD 
(37)}) 16... Qxh4 17. Bg5 Qh5 {[%cal Rc6d4]} 18. e5 (18. Ng3 Qg4 19. d5 exd5
20. exd5 Nd4) (18. d5 $5 {is probably more tenacious although Black is clearly
better after, say,} exd5 19. exd5 Ne5 20. Ng3 Qg4 21. Rfd1 Rac8 (21... Bxd5 $5
22. Be7 Be6 23. Bxf8 Rxf8)) 18... h6 19. Be3 Rfd8 {and Black consequently
brought home his advantage:} 20. Nf4 Qh4 21. Be4 Rac8 22. g3 Qe7 23. Qb2 Na5
24. Bxb7 Qxb7 25. Qe2 Nc6 26. Rc4 Ne7 27. Rxc8 Rxc8 28. Rd1 Qd7 29. Qf3 Rd8 30.
Rc1 Nf5 31. d5 {despair} exd5 32. e6 fxe6 33. Nxg6 Qf7 34. Nf4 Nxe3 35. Qxe3 e5
36. Nd3 Re8 37. Rc6 e4 38. Nf4 d4 39. Qe2 e3 40. Qc2 Rf8 (40... exf2+ $5 41.
Qxf2 Qf5 42. Rc7 Rc8 $19 43. Rxa7 $2 Rc1+) 41. Rc7 (41. fxe3 dxe3 42. Kf1 Qf5
$19) 41... e2 $1 42. Nxe2 (42. Nd3 Qxf2+ (42... Qe6 $5 43. Ne1) 43. Nxf2 e1=Q+
44. Kg2 Qe3 $19) 42... Qxf2+ 43. Kh1 Qe1+ 44. Ng1 Qxg3 45. Rxa7 Qh4+ 46. Kg2 d3
47. Qb3+ Kh8 48. Qxb6 Qe4+ 49. Kh2 Be5+ 0-1